| 000 | 00388nam a22001577a 4500 | ||
|---|---|---|---|
| 005 | 20181222102948.0 | ||
| 008 | 181222b xxu||||| |||| 00| 0 eng d | ||
| 020 | _a978-93-85000-90-4 | ||
| 041 | _aeng | ||
| 082 | _a001.42 | ||
| 100 |
_aARORA, V P S AND OTHERS _94890 |
||
| 245 | _aRESEARCH METHODOLOGY FOR FACULTY | ||
| 260 |
_aDELHI _bC E G R _c2016 |
||
| 300 | _a271 p, | ||
| 942 | _cBK | ||
| 999 |
_c5759 _d5757 |
||